Nombra los siete océanos conocidos en el mundo. - Estadísticas

Estadísticas generales
  • Esta prueba ha sido intentada 122 veces
  • La puntuación promedio es 3 de 8
Estadísticas de respuestas
Hint Respuesta % Correcto
5 Océano Índico
88%
7 Océano Ártico
72%
6 Océano Antártico
57%
3 Océano Atlántico norte
28%
4 Océano Atlántico sur
28%
1 Océano Pacífico Norte
25%
2 Océano Pacífico sur
25%
6 Océano Austral
4%
No se encontraron pruebas coincidentes
Distribución de puntuación
Porcentaje de gente con cada puntuación
Porcentaje por número respondido
Historial de tus puntuaciones
No has intentado esta prueba.